Statystyki dla Quiz o mistrzostwach świata w piłce nożnej

Kliknij tutaj aby rozwiązać quiz!

Ogólne statystyki

  • Ten quiz został rozwiązany 308 razy
  • Średni wynik to 8 z 15

Statystyki odpowiedzi

ZagadnienieOdpowiedź% Poprawnych
Kto wystąpił w finale mistrzostw świata w 2010 roku?Holandia-Hiszpania
84%
Kto wygrał pierwsze mistrzostwa świata?Urugwaj
84%
Z kim Rosja zagrała mecz otwarcia na mundialu w 2018 roku?Arabia Saudyjska
69%
Jaka z wymienionych poniżej reprezentacji nie była z Polską w grupie na eliminacjach do mundialu w 2018 rokuNorwegia
67%
Kto był królem strzelców w 2014 roku?James Rodríguez
58%
Kto był organizatorem mistrzostw świata w 1970 roku?Meksyk
58%
Ile razy Hiszpania wygrała mistrzostwa świata?1
57%
Na jakim stadionie został rozegrany finał mistrzostw świata w 2018 roku?Stadion Łużniki
57%
Kto miał 3 miejsce na mistrzostwach świata w 2002 roku?Turcja
53%
Kto występował w grupie C na mistrzostwach świata w 2018 roku?Francja,Dania,Peru,Australia
46%
Ile razy Polska wystąpiła na mistrzostwach świata?8
41%
Jak nazywała się maskotka na mistrzostwach świata w 1998 roku?Footix
36%
Która reprezentacja z poniższych występowała tylko raz na mistrzostwach świata?Ukraina
36%
Jak nazywała się piłka na mistrzostwach świata w 1994 roku?Questra
29%
Ile drużyn wystąpiło w 1938 roku?15
20%

Rozkład punktacji

Percentyl według liczby udzielonych odpowiedzi

Procent ludzi z każdym wynikiem

Twoja historia wyników

Nie rozwiązałeś tego quizu